000 00320nam a2200145Ia 4500
008 230718s9999 xx 000 0 und d
041 _aEng.
082 _a348.4
_bFAR-C
100 _aFarani,M
245 0 _aColonizatio laws
260 _aPakistan
_bnational law
_c2010
300 _a822
650 _aLaw
999 _c30450
_d30450